000
00206 a2200097 4500
001
43563
100
_a
Fernald
245
_a
Play produced
260
_a
London
_b
H F W Deane & Son
_c
090
_c
27380
_d
27380
942
_a
NUST-CAE
_c
M
_c
19314
999
_c
278636
_d
278636